[Event "AUS-ch Major"]
[Site "Cammeray"]
[Date "2011.01.06"]
[Round "5"]
[White "Zulfic, Fedja"]
[Black "Dunn, Michael G"]
[Result "1-0"]
[WhiteElo "2024"]
[BlackElo "1909"]
[PlyCount "97"]
[EventDate "2011.01.02"]
[EventType "swiss"]
[EventRounds "11"]
[EventCountry "AUS"]
[SourceTitle "CBM 140 Extra"]
[Source "ChessBase"]
[SourceDate "2011.03.01"]
[SourceVersion "1"]
[SourceVersionDate "2011.03.01"]
[SourceQuality "1"]

1. d4 d5 2. c4 e6 3. Nf3 c6 4. e3 Nf6 5. Nbd2 Nbd7 6. Bd3 Bd6 7. 0-0 0-0 8. e4 e5 9. cxd5 cxd5 10. exd5 exd4 11. Ne4 Nxe4 12. Bxe4 Nf6 13. Qxd4 Nxe4 14. Qxe4 Re8 15. Qd4 Bf5 16. Bg5 f6 17. Bh4 Re4 18. Qd3 Bg6 19. Bg3 Bxg3 20. hxg3 Re5 21. Qb3 Rxd5 22. Qxb7 Rd7 23. Qa6 Rd6 24. Qa4 Qd7 25. Qf4 Rd8 26. b4 Qf5 27. Qe3 Qb5 28. a4 Qxb4 29. Qxa7 R6d7 30. Qe3 Rd3 31. Qe1 Qc4 32. a5 Qa6 33. Qb4 R3d5 34. Rfc1 Qd6 35. Qb6 Qxb6 36. axb6 Rb5 37. Ra7 Rxb6 38. Rcc7 Rb1+ 39. Kh2 Rb5 40. g4 Rbd5 41. Rxg7+ Kh8 42. Nh4 Rg5 43. f3 Rf8 44. Nxg6+ Rxg6 45. Rxh7+ Kg8 46. Rh5 Rg7 47. Rxg7+ Kxg7 48. Ra5 Rb8 49. g5 1-0

[Event "AUS-ch Major"]
[Site "Cammeray"]
[Date "2011.01.05"]
[Round "4"]
[White "Dunn, Michael G"]
[Black "Vogel, Joerg"]
[Result "1/2-1/2"]
[WhiteElo "1909"]
[BlackElo "2069"]
[PlyCount "90"]
[EventDate "2011.01.02"]
[EventType "swiss"]
[EventRounds "11"]
[EventCountry "AUS"]
[SourceTitle "CBM 140 Extra"]
[Source "ChessBase"]
[SourceDate "2011.03.01"]
[SourceVersion "1"]
[SourceVersionDate "2011.03.01"]
[SourceQuality "1"]

1. d4 Nf6 2. c4 g6 3. g3 Bg7 4. Bg2 d6 5. Nc3 0-0 6. Nf3 Nc6 7. 0-0 Na5 8. Nd2 c5 9. d5 Nd7 10. Qc2 Ne5 11. b3 Bf5 12. e4 Bd7 13. Rb1 a6 14. h3 g5 15. f4 gxf4 16. gxf4 Ng6 17. Nf3 Rc8 18. Ne2 f5 19. e5 dxe5 20. fxe5 Nxe5 21. Nxe5 Bxe5 22. Bf4 Qc7 23. Qd2 Bxf4 24. Nxf4 Rf6 25. Rbe1 Re8 26. Rf2 b6 27. Rfe2 Qd6 28. Re5 Nb7 29. Qe3 Nd8 30. Rxe7 Rxe7 31. Qxe7 Nf7 32. Qxd6 Nxd6 33. Re7 Rf7 34. Rxf7 Kxf7 35. Kf2 Kf6 36. Ke3 Nf7 37. Bf1 Ne5 38. Be2 Ng6 39. Nxg6 hxg6 40. h4 Ke5 41. Bd3 b5 42. Kf3 b4 43. Bc2 a5 44. Ke3 Be8 45. Bd1 Bd7 1/2-1/2

[Event "Doeberl Cup Major 48th"]
[Site "Canberra"]
[Date "2010.04.05"]
[Round "7"]
[White "Dickson, Ian C"]
[Black "Dunn, Michael G"]
[Result "1/2-1/2"]
[WhiteElo "1537"]
[BlackElo "1812"]
[PlyCount "76"]
[EventDate "2010.04.02"]
[EventType "swiss"]
[EventRounds "7"]
[EventCountry "AUS"]
[SourceTitle "EXT 2012"]
[Source "ChessBase"]
[SourceDate "2011.11.24"]
[SourceVersion "1"]
[SourceVersionDate "2011.11.24"]
[SourceQuality "1"]

1. e4 e6 2. d4 d5 3. e5 c5 4. c3 Nc6 5. Nf3 Bd7 6. Bd3 cxd4 7. cxd4 Qb6 8. Nc3 Nxd4 9. Nxd4 Qxd4 10. 0-0 a6 11. Qe2 Ne7 12. Be3 Qxe5 13. f4 Qd6 14. f5 e5 15. Rad1 f6 16. Qh5+ Kd8 17. Nxd5 Nxd5 18. Be4 Nxe3 19. Rxd6 Bxd6 20. Rc1 Rc8 21. Rxc8+ Bxc8 22. Qf7 Nxf5 23. Bxf5 Bxf5 24. Qxb7 Bc7 25. Qxa6 Ke7 26. Qc6 Rc8 27. Qb7 Kf8 28. g4 Be6 29. a4 Bd6 30. b4 Be7 31. h3 Rc4 32. Qa8+ Kf7 33. b5 Rb4 34. Qa7 Bb3 35. b6 Rxa4 36. Qc7 Rc4 37. Qd7 Rd4 38. Qc7 Rc4 1/2-1/2

[Event "Doeberl Cup Major 48th"]
[Site "Canberra"]
[Date "2010.04.04"]
[Round "5"]
[White "Tenorio, Leonardo"]
[Black "Dunn, Michael G"]
[Result "1/2-1/2"]
[WhiteElo "1644"]
[BlackElo "1812"]
[PlyCount "74"]
[EventDate "2010.04.02"]
[EventType "swiss"]
[EventRounds "7"]
[EventCountry "AUS"]
[SourceTitle "EXT 2012"]
[Source "ChessBase"]
[SourceDate "2011.11.24"]
[SourceVersion "1"]
[SourceVersionDate "2011.11.24"]
[SourceQuality "1"]

1. e4 e6 2. d4 d5 3. Nc3 Bb4 4. e5 Ne7 5. a3 Bxc3+ 6. bxc3 c5 7. Qg4 cxd4 8. cxd4 Qc7 9. Bd2 Qxc2 10. Rc1 Qe4+ 11. Qxe4 dxe4 12. Bb4 Nbc6 13. Ne2 Nf5 14. Bc5 Bd7 15. Rd1 b6 16. Bb4 0-0-0 17. h4 Nxb4 18. axb4 Bb5 19. Nc3 Bxf1 20. Kxf1 Rxd4 21. Rxd4 Nxd4 22. Nxe4 Nb5 23. Ke2 Rd8 24. Ke3 h5 25. Rc1+ Kb7 26. Rc4 Rd5 27. f4 Rd7 28. g3 Rc7 29. Kd3 Rxc4 30. Kxc4 a6 31. Ng5 Kc7 32. Nxf7 Kd7 33. Ng5 Nc7 34. Ne4 Nd5 35. Ng5 Ne3+ 36. Kd3 Nd5 37. Kc4 Ne3+ 1/2-1/2

[Event "Doeberl Cup Major 48th"]
[Site "Canberra"]
[Date "2010.04.03"]
[Round "3"]
[White "Lakshman, Vinay"]
[Black "Dunn, Michael G"]
[Result "1/2-1/2"]
[WhiteElo "1443"]
[BlackElo "1812"]
[PlyCount "105"]
[EventDate "2010.04.02"]
[EventType "swiss"]
[EventRounds "7"]
[EventCountry "AUS"]
[SourceTitle "EXT 2012"]
[Source "ChessBase"]
[SourceDate "2011.11.24"]
[SourceVersion "1"]
[SourceVersionDate "2011.11.24"]
[SourceQuality "1"]

1. e4 e6 2. d4 d5 3. Nc3 Bb4 4. e5 Ne7 5. a3 Bxc3+ 6. bxc3 c5 7. Qg4 cxd4 8. Qxg7 Rg8 9. Qxh7 Qc7 10. Ne2 dxc3 11. f4 Bd7 12. Qd3 Nf5 13. Rg1 Nc6 14. Nxc3 Qb6 15. Ne2 Na5 16. g4 Bb5 17. Qc3 Bxe2 18. Kxe2 Qxg1 19. gxf5 Qxh2+ 20. Ke1 Qg3+ 21. Qxg3 Rxg3 22. Bb5+ Kd8 23. Kf2 Rc3 24. Bd3 Nb3 25. Rb1 Nxc1 26. Rxc1 exf5 27. Bxf5 Ke7 28. Re1 Rh8 29. e6 Rh2+ 30. Kg1 Rd2 31. Bd3 Rxa3 32. f5 fxe6 33. Rxe6+ Kf7 34. Re1 a6 35. Rc1 b5 36. Rb1 Kf6 37. Re1 Rdxd3 38. cxd3 Kxf5 39. d4 b4 40. Re5+ Kf6 41. Rxd5 Ke6 42. Rd8 Ke7 43. Rb8 a5 44. Rb5 Kd6 45. Kf1 b3 46. Ke1 a4 47. Kd2 Kc6 48. Rb4 Ra2+ 49. Kc3 Rc2+ 50. Kd3 Rc1 51. Kd2 Ra1 52. Kc3 Rc1+ 53. Kd2 1/2-1/2

[Event "AUS-ch Major"]
[Site "Cammeray"]
[Date "2010.01.07"]
[Round "5"]
[White "Bennett, Calvin"]
[Black "Dunn, Michael G"]
[Result "1-0"]
[WhiteElo "1588"]
[BlackElo "1796"]
[PlyCount "63"]
[EventDate "2010.01.02"]
[EventType "swiss"]
[EventRounds "11"]
[EventCountry "AUS"]
[SourceTitle "EXT 2011"]
[Source "ChessBase"]
[SourceDate "2010.11.26"]
[SourceVersion "1"]
[SourceVersionDate "2010.11.26"]
[SourceQuality "1"]

1. d4 d5 2. c4 e6 3. Nc3 c6 4. Nf3 dxc4 5. a4 Bb4 6. e4 b5 7. Be2 Bb7 8. 0-0 a6 9. Qc2 Nf6 10. Bg5 Nbd7 11. e5 h6 12. Bh4 g5 13. Nxg5 hxg5 14. Bxg5 Qc7 15. f4 Nd5 16. f5 Bxc3 17. bxc3 Nxe5 18. fxe6 Nd3 19. exf7+ Kf8 20. h4 N5f4 21. Bxd3 Nh3+ 22. gxh3 Qg3+ 23. Qg2 Qxg2+ 24. Kxg2 cxd3 25. Rf6 c5+ 26. Kg3 cxd4 27. cxd4 Bd5 28. Raf1 bxa4 29. Bh6+ Rxh6 30. Rxh6 Ke7 31. Rxa6 Rf8 32. Rxa4 1-0

[Event "AUS-ch Major"]
[Site "Cammeray"]
[Date "2010.01.03"]
[Round "2"]
[White "Dunn, Michael G"]
[Black "Wilson, Peter John"]
[Result "1-0"]
[WhiteElo "1796"]
[BlackElo "1305"]
[PlyCount "119"]
[EventDate "2010.01.02"]
[EventType "swiss"]
[EventRounds "11"]
[EventCountry "AUS"]
[SourceTitle "EXT 2011"]
[Source "ChessBase"]
[SourceDate "2010.11.26"]
[SourceVersion "1"]
[SourceVersionDate "2010.11.26"]
[SourceQuality "1"]

1. d4 e6 2. c4 b6 3. e4 c6 4. Nc3 Bb4 5. Bd3 Ba6 6. Nge2 Ne7 7. a3 Bxc3+ 8. Nxc3 d5 9. cxd5 Bxd3 10. Qxd3 cxd5 11. 0-0 Nbc6 12. Rd1 Qd7 13. Be3 0-0 14. f3 Rae8 15. Rac1 f5 16. Qb5 dxe4 17. fxe4 f4 18. Bf2 f3 19. d5 exd5 20. exd5 Qg4 21. g3 Nf5 22. dxc6 Ne3 23. Bxe3 Rxe3 24. Qd5+ Kh8 25. Rf1 h5 26. Qd7 Qg5 27. c7 Ree8 28. Ne4 f2+ 29. Nxf2 Rc8 30. Rc3 Qe5 31. Rfc1 h4 32. Qg4 Kg8 33. Qc4+ Rf7 34. Qxh4 Rxf2 35. Qd8+ Rf8 36. Qd2 Rfe8 37. Qf4 Qxf4 38. gxf4 Re7 39. Kf2 Kf7 40. Kf3 Rd7 41. Kg4 Rd2 42. R1c2 Rd1 43. h4 Rg1+ 44. Rg3 Rd1 45. h5 Rd7 46. Rgc3 Re7 47. Kg5 Re1 48. Rc6 Re7 49. h6 gxh6+ 50. Rxh6 Re1 51. Kf5 Rd1 52. Rh7+ Kg8 53. Re7 Kf8 54. Rh7 Kg8 55. Rch2 Rf8+ 56. Kg4 Rg1+ 57. Kf3 Rf1+ 58. Ke2 R1xf4 59. Rh8+ Kg7 60. c8Q 1-0

[Event "Canberra ANU op"]
[Site "Canberra"]
[Date "2009.07.25"]
[Round "3"]
[White "Dunn, Michael G"]
[Black "Forace, Lee"]
[Result "1-0"]
[WhiteElo "1819"]
[BlackElo "1483"]
[PlyCount "85"]
[EventDate "2009.07.25"]
[EventType "swiss"]
[EventRounds "7"]
[EventCountry "AUS"]
[SourceTitle "EXT 2011"]
[Source "ChessBase"]
[SourceDate "2010.11.26"]
[SourceVersion "1"]
[SourceVersionDate "2010.11.26"]
[SourceQuality "1"]

1. d4 Nf6 2. c4 e6 3. Nc3 Bb4 4. e3 Bxc3+ 5. bxc3 c5 6. Bd3 d6 7. Ne2 e5 8. e4 Nc6 9. d5 Nb8 10. 0-0 0-0 11. Ng3 Nbd7 12. f3 Ne8 13. Be3 g6 14. Bh6 Ng7 15. Qd2 Qe7 16. Rae1 Re8 17. Bg5 f6 18. Bh6 Rf8 19. h4 Rf7 20. Kf2 Nf8 21. Rh1 f5 22. Bg5 Qe8 23. exf5 Nxf5 24. Ne4 Nd7 25. h5 Qf8 26. hxg6 hxg6 27. Rh3 Rh7 28. Rxh7 Kxh7 29. Rh1+ Kg8 30. g4 Ng7 31. Kg3 Kf7 32. Bh4 Ne8 33. Ng5+ Kg8 34. Bxg6 Qf4+ 35. Qxf4 exf4+ 36. Kxf4 Ng7 37. Nf7 Nf8 38. Nh6+ Kh8 39. Bd3 Bd7 40. Be7 Re8 41. Bxd6 b6 42. Be5 Ba4 43. Nf5+ 1-0

[Event "Australian op"]
[Site "Manly Sydney"]
[Date "2009.01.05"]
[Round "6"]
[White "Guo, Emma"]
[Black "Dunn, Michael G"]
[Result "0-1"]
[WhiteElo "1778"]
[BlackElo "1986"]
[PlyCount "84"]
[EventDate "2009.01.02"]
[EventType "swiss"]
[EventRounds "11"]
[EventCountry "AUS"]
[SourceTitle "CBM 128 Extra"]
[Source "ChessBase"]
[SourceDate "2009.03.05"]
[SourceVersion "2"]
[SourceVersionDate "2009.03.25"]
[SourceQuality "1"]

1. d4 d5 2. Nf3 c6 3. e3 Nf6 4. Bd3 Bg4 5. Nbd2 e6 6. 0-0 Nbd7 7. c3 Bd6 8. c4 0-0 9. Re1 e5 10. Be2 e4 11. Ng5 Bxe2 12. Qxe2 h6 13. Nh3 Qb8 14. Nf1 dxc4 15. Qxc4 Nb6 16. Qe2 Nbd5 17. a3 a5 18. f3 Qc7 19. Nf2 Rfe8 20. fxe4 Nxe4 21. g3 Ndf6 22. Nxe4 Nxe4 23. Qf3 Re6 24. Nd2 Rae8 25. Nc4 Rf6 26. Qg4 Rg6 27. Qh4 Rxg3+ 28. hxg3 Bxg3 29. Qg4 Bxe1 30. Ne5 Nf6 31. Qh3 a4 32. Kf1 Ba5 33. Nc4 Qd8 34. Nxa5 Qxa5 35. Qh2 Qf5+ 36. Ke1 Ng4 37. Qg3 Qe4 38. Kf1 Nxe3+ 39. Bxe3 Qxe3 40. Qxe3 Rxe3 41. Rd1 Rb3 42. Rd2 h5 0-1

[Event "Australian op"]
[Site "Manly Sydney"]
[Date "2009.01.04"]
[Round "4"]
[White "Stojic, Dusan"]
[Black "Dunn, Michael G"]
[Result "1-0"]
[WhiteElo "2219"]
[BlackElo "1986"]
[PlyCount "85"]
[EventDate "2009.01.02"]
[EventType "swiss"]
[EventRounds "11"]
[EventCountry "AUS"]
[SourceTitle "CBM 128 Extra"]
[Source "ChessBase"]
[SourceDate "2009.03.05"]
[SourceVersion "2"]
[SourceVersionDate "2009.03.25"]
[SourceQuality "1"]

1. e4 e6 2. d4 d5 3. e5 c5 4. c3 Nc6 5. Nf3 Bd7 6. a3 f6 7. Bd3 fxe5 8. dxe5 Qc7 9. Qe2 g6 10. c4 dxc4 11. Bxc4 Bg7 12. Bf4 Nge7 13. Nc3 0-0 14. Qe4 a6 15. 0-0 b5 16. Bb3 Kh8 17. Ng5 Nd4 18. Bd1 Bc6 19. Qe3 h6 20. Nge4 Nef5 21. Qh3 Bxe5 22. Bxh6 Nxh6 23. Qxh6+ Qh7 24. Qxh7+ Kxh7 25. Nxc5 Bg7 26. Re1 e5 27. Nb3 Rad8 28. Rc1 Bh6 29. Rb1 Bg7 30. Nc5 a5 31. Ne2 Rfe8 32. Nxd4 Rxd4 33. Nb3 Rf4 34. Nxa5 Ba8 35. g3 Rf7 36. Be2 Ref8 37. Rf1 e4 38. Bxb5 Rxf2 39. Rxf2 Bd4 40. Rbf1 Rf5 41. a4 Rc5 42. Nb3 Bxf2+ 43. Rxf2 1-0

[Event "AUS-ch Major"]
[Site "Parramatta"]
[Date "2008.01.03"]
[Round "3"]
[White "Dunn, Michael G"]
[Black "Harris, Rebecca"]
[Result "1-0"]
[WhiteElo "1888"]
[BlackElo "1668"]
[PlyCount "103"]
[EventDate "2008.01.02"]
[EventType "swiss"]
[EventRounds "11"]
[EventCountry "AUS"]
[SourceTitle "EXT 2010"]
[Source "ChessBase"]
[SourceDate "2010.11.25"]
[SourceVersion "1"]
[SourceVersionDate "2010.11.25"]
[SourceQuality "1"]

1. d4 Nf6 2. c4 e6 3. Nc3 Bb4 4. e3 b6 5. Bd3 Bb7 6. Nf3 Ne4 7. Qc2 Bxc3+ 8. bxc3 f5 9. 0-0 0-0 10. Nd2 Qh4 11. f3 Nxd2 12. Bxd2 d6 13. Be1 Qg5 14. f4 Qg6 15. Bh4 Nd7 16. Rae1 Qg4 17. Qf2 Be4 18. Bxe4 fxe4 19. h3 Qg6 20. g4 Rf7 21. Kh2 Raf8 22. Qc2 h6 23. Rf2 Nf6 24. Bxf6 Rxf6 25. Rg1 d5 26. Qa4 a5 27. c5 Qf7 28. g5 Rg6 29. h4 hxg5 30. hxg5 Qe7 31. Rfg2 Rh6+ 32. Kg3 Rh5 33. Kf2 e5 34. dxe5 Qxe5 35. Qd4 Qxd4 36. cxd4 bxc5 37. dxc5 Rb8 38. Kg3 c6 39. Kg4 Rh8 40. Kf5 Kf7 41. g6+ Ke7 42. Ke5 Rh3 43. Re2 Rf8 44. Rb1 Rh5+ 45. Kd4 Rf6 46. Rb7+ Kd8 47. Rxg7 Rh6 48. Rb2 Kc8 49. Rg2 Rf5 50. Rg8+ Kd7 51. g7 Rh1 52. Rd8+ 1-0

[Event "New South Wales-ch Reserves"]
[Site "Sydney"]
[Date "2005.10.30"]
[Round "9"]
[White "Escribano, Jose"]
[Black "Dunn, Michael G"]
[Result "0-1"]
[WhiteElo "1926"]
[BlackElo "1813"]
[PlyCount "76"]
[EventDate "2005.08.21"]
[EventType "swiss"]
[EventRounds "9"]
[EventCountry "AUS"]
[SourceTitle "EXT 2010"]
[Source "ChessBase"]
[SourceDate "2010.11.25"]
[SourceVersion "1"]
[SourceVersionDate "2010.11.25"]
[SourceQuality "1"]

1. e4 e6 2. d4 d5 3. e5 c5 4. c3 Nc6 5. Nf3 Bd7 6. a3 f6 7. c4 cxd4 8. exf6 Nxf6 9. Nxd4 e5 10. Nxc6 bxc6 11. cxd5 cxd5 12. Be2 Bc5 13. Bh5+ g6 14. Be2 0-0 15. 0-0 Qb6 16. Nc3 Bc6 17. Bh6 Rf7 18. b4 Bd4 19. Rc1 Rd8 20. b5 Bb7 21. Na4 Qd6 22. h4 Ne4 23. Bf3 Nxf2 24. Rxf2 Bxf2+ 25. Kxf2 e4 26. Nc5 exf3 27. g3 Bc8 28. Rc3 Bg4 29. Qd4 Bc8 30. Rxf3 Rxf3+ 31. Kxf3 Qe7 32. Bg5 Qf7+ 33. Bf4 Qf5 34. Kf2 Re8 35. Qd2 h5 36. a4 Kh7 37. a5 Qh3 38. Qxd5 Qh2+ 0-1

[Event "Doeberl Cup Major 43rd"]
[Site "Canberra"]
[Date "2005.03.27"]
[Round "6"]
[White "Vijayakumar, Rukman"]
[Black "Dunn, Michael G"]
[Result "0-1"]
[WhiteElo "1781"]
[BlackElo "1797"]
[PlyCount "80"]
[EventDate "2005.03.25"]
[EventType "swiss"]
[EventRounds "7"]
[EventCountry "AUS"]
[SourceTitle "EXT 2009"]
[Source "ChessBase"]
[SourceDate "2008.11.26"]
[SourceVersion "1"]
[SourceVersionDate "2008.11.26"]
[SourceQuality "1"]

1. e4 e6 2. d4 d5 3. Nc3 Bb4 4. e5 Ne7 5. a3 Bxc3+ 6. bxc3 c5 7. Qg4 cxd4 8. Qxg7 Rg8 9. Qxh7 Qc7 10. Ne2 Nbc6 11. f4 Bd7 12. Qd3 dxc3 13. g3 0-0-0 14. Qxc3 d4 15. Qd3 Nf5 16. Bg2 Na5 17. Rb1 Bc6 18. Bxc6 Qxc6 19. Rg1 Nc4 20. Rb4 b5 21. a4 a6 22. axb5 axb5 23. Kf2 Qc5 24. Rb3 Nfe3 25. Bb2 Nxc2 26. Rc1 Nb4 27. Qe4 d3+ 28. Bd4 Rxd4 29. Qxd4 Qxd4+ 30. Nxd4 d2 31. Rd1 Rd8 32. Nxb5 Nd3+ 33. Kf3 Ndb2 34. Rxb2 Nxb2 35. Nd6+ Rxd6 36. exd6 Nxd1 37. Ke2 Ne3 38. Kxd2 Nf1+ 39. Ke2 Nxh2 40. Kf2 f5 0-1

[Event "Doeberl Cup Major 42nd"]
[Site "Canberra"]
[Date "2004.04.11"]
[Round "6"]
[White "Dunn, Michael G"]
[Black "Perkovic, Matthew"]
[Result "1/2-1/2"]
[WhiteElo "1926"]
[BlackElo "1777"]
[PlyCount "116"]
[EventDate "2004.04.09"]
[EventType "swiss"]
[EventRounds "7"]
[EventCountry "AUS"]
[SourceTitle "EXT 2006"]
[Source "ChessBase"]
[SourceDate "2005.11.24"]
[SourceVersion "1"]
[SourceVersionDate "2005.11.24"]
[SourceQuality "1"]

1. d4 Nf6 2. c4 c5 3. d5 b5 4. cxb5 a6 5. bxa6 Bxa6 6. Nc3 g6 7. e4 Bxf1 8. Kxf1 d6 9. Nf3 Nbd7 10. g3 Bg7 11. Kg2 0-0 12. Re1 Ng4 13. Qe2 Nge5 14. Nd2 Nb6 15. f4 Ned7 16. Qb5 Bxc3 17. bxc3 Na4 18. Qd3 Qa5 19. Re3 Rfb8 20. Nc4 Qb5 21. e5 Ndb6 22. Nxb6 Qxd3 23. Rxd3 Nxb6 24. Kf3 dxe5 25. fxe5 Nc4 26. Ke2 Nxe5 27. Bf4 Rb2+ 28. Rd2 Rxd2+ 29. Bxd2 f6 30. a4 Kf7 31. Bf4 Nc4 32. Be3 Ra5 33. Kd3 Ne5+ 34. Ke4 Nd7 35. c4 e6 36. Bd2 Ra6 37. a5 f5+ 38. Kd3 exd5 39. cxd5 Nb6 40. Rc1 Nxd5 41. Rxc5 Rd6 42. Kc4 Ke6 43. Kb5 Nc7+ 44. Rxc7 Rxd2 45. Rxh7 Rb2+ 46. Kc6 Ra2 47. Kb6 Rb2+ 48. Ka7 g5 49. a6 f4 50. gxf4 gxf4 51. h4 f3 52. Rb7 Rxb7+ 53. axb7 f2 54. b8Q f1Q 55. Qe8+ Kd5 56. Qd7+ Ke5 57. Qe7+ Kd5 58. Qg5+ Ke6 1/2-1/2

[Event "Doeberl Cup Major 41st"]
[Site "Canberra"]
[Date "2003.04.20"]
[Round "6.2"]
[White "Dunn, Michael G"]
[Black "De Noskowski, Adrian"]
[Result "1/2-1/2"]
[WhiteElo "1932"]
[BlackElo "1820"]
[PlyCount "92"]
[EventDate "2003.04.18"]
[EventType "swiss"]
[EventRounds "7"]
[EventCountry "AUS"]
[SourceTitle "EXT 2006"]
[Source "ChessBase"]
[SourceDate "2005.11.24"]
[SourceVersion "1"]
[SourceVersionDate "2005.11.24"]
[SourceQuality "1"]

1. d4 Nf6 2. c4 e6 3. Nf3 c5 4. g3 cxd4 5. Nxd4 Nc6 6. Nxc6 bxc6 7. Bg2 d5 8. 0-0 Be7 9. b3 0-0 10. Ba3 Bxa3 11. Nxa3 Qe7 12. Nc2 Ba6 13. Qd2 Rab8 14. cxd5 cxd5 15. Nd4 Rfc8 16. Rfc1 Qb7 17. Rxc8+ Rxc8 18. Rc1 h6 19. e3 Rc7 20. h4 Qc8 21. Rxc7 Qxc7 22. Qc2 Qxc2 23. Nxc2 Kf8 24. Nd4 Bb7 25. b4 Ke7 26. Bf1 a6 27. f3 Nd7 28. Kf2 Ne5 29. Nb3 Nd7 30. Na5 Bc8 31. b5 axb5 32. Bxb5 Kd6 33. Nb3 Nb8 34. a4 e5 35. Ke2 Kc7 36. Kd3 Ba6 37. Kc3 Kb6 38. Bxa6 Nxa6 39. g4 g5 40. hxg5 hxg5 41. Nc1 Ka5 42. Nd3 f6 43. Kb3 Kb6 44. Nb4 Nc7 45. Nd3 Na6 46. Nb4 Nc7 1/2-1/2